Минеральный состав уролитов; Известия Томского политехнического университета [Известия ТПУ]; Т. 307, № 2
| Parent link: | Известия Томского политехнического университета [Известия ТПУ]/ Томский политехнический университет (ТПУ).— , 2000- Т. 307, № 2.— 2004.— [С. 62-64] |
|---|---|
| Egile nagusia: | |
| Beste egile batzuk: | |
| Gaia: | Заглавие с титульного листа Электронная версия печатной публикации Приводятся сведения о минеральном составе мочевых камней (уролитов). Рассматриваются диагностические признаки минералов различных классов (оксалатов, фосфатов, уратов). Исследованы как мономинеральные уролиты, так и камни более сложного минерального состава. Отмечаются кристаллографические особенности минералов класса оксалатов кальция, наиболее часто встречающихся в составе уролитов. Приведены рисунки, характеризующие разнообразие форм минералов класса оксалатов кальция. |
| Hizkuntza: | errusiera |
| Argitaratua: |
2004
|
| Saila: | Естественные науки |
| Gaiak: | |
| Sarrera elektronikoa: | http://www.lib.tpu.ru/fulltext/v/Bulletin_TPU/2004/v307/i2/12.pdf |
| Formatua: | MixedMaterials Baliabide elektronikoa Liburu kapitulua |
| KOHA link: | https://koha.lib.tpu.ru/cgi-bin/koha/opac-detail.pl?biblionumber=168943 |
MARC
| LEADER | 00000nla2a2200000 4500 | ||
|---|---|---|---|
| 001 | 168943 | ||
| 005 | 20240207114105.0 | ||
| 035 | |a (RuTPU)RU\TPU\book\183275 | ||
| 035 | |a RU\TPU\book\183271 | ||
| 090 | |a 168943 | ||
| 100 | |a 20091105d2004 k y0rusy50 ca | ||
| 101 | 0 | |a rus | |
| 102 | |a RU | ||
| 135 | |a drnn ---uucaa | ||
| 181 | 0 | |a i | |
| 182 | 0 | |a b | |
| 200 | 1 | |a Минеральный состав уролитов |f О. А. Севостьянова, А. К. Полиенко | |
| 203 | |a Текст |c электронный | ||
| 215 | |a 1 файл (1.7 Мб) | ||
| 225 | 1 | |a Естественные науки | |
| 300 | |a Заглавие с титульного листа | ||
| 300 | |a Электронная версия печатной публикации | ||
| 320 | |a [Библиогр.: с. 64 (13 назв.)] | ||
| 330 | |a Приводятся сведения о минеральном составе мочевых камней (уролитов). Рассматриваются диагностические признаки минералов различных классов (оксалатов, фосфатов, уратов). Исследованы как мономинеральные уролиты, так и камни более сложного минерального состава. Отмечаются кристаллографические особенности минералов класса оксалатов кальция, наиболее часто встречающихся в составе уролитов. Приведены рисунки, характеризующие разнообразие форм минералов класса оксалатов кальция. | ||
| 337 | |a Adobe Reader | ||
| 461 | 1 | |0 (RuTPU)RU\TPU\book\176237 |t Известия Томского политехнического университета [Известия ТПУ] |f Томский политехнический университет (ТПУ) |d 2000- | |
| 463 | 1 | |0 (RuTPU)RU\TPU\book\183202 |t Т. 307, № 2 |v [С. 62-64] |d 2004 |p 213 с. | |
| 610 | 1 | |a минеральный состав | |
| 610 | 1 | |a уролиты | |
| 610 | 1 | |a мочевые камни | |
| 610 | 1 | |a диагностические признаки | |
| 610 | 1 | |a минералы | |
| 610 | 1 | |a классы | |
| 610 | 1 | |a оксалаты | |
| 610 | 1 | |a фосфаты | |
| 610 | 1 | |a ураты | |
| 610 | 1 | |a мономинеральные уролиты | |
| 610 | 1 | |a камни | |
| 610 | 1 | |a сложные составы | |
| 610 | 1 | |a кристаллографические особенности | |
| 610 | 1 | |a оксалаты кальция | |
| 610 | 1 | |a рисунки | |
| 610 | 1 | |a разнообразие форм | |
| 610 | 1 | |a труды учёных ТПУ | |
| 610 | 1 | |a электронный ресурс | |
| 700 | 1 | |a Севостьянова |b О. А. |c геолог |c старший преподаватель Томского политехнического университета, кандидат геолого-минералогических наук |f 1970- |g Ольга Александровна |3 (RuTPU)RU\TPU\pers\27294 |9 12712 | |
| 701 | 1 | |a Полиенко |b А. К. |c геолог |c доцент Томского политехнического университета, доктор геолого-минералогических наук |c выпускник ТПИ 1964 г. |f 1940- |g Александр Константинович |3 (RuTPU)RU\TPU\pers\20300 |9 8092 | |
| 801 | 1 | |a RU |b 63413507 |c 20090623 |g PSBO | |
| 801 | 2 | |a RU |b 63413507 |c 20210601 |g PSBO | |
| 856 | 4 | |u http://www.lib.tpu.ru/fulltext/v/Bulletin_TPU/2004/v307/i2/12.pdf | |
| 942 | |c CF | ||